| 000 | 00937nam a2200229 a 4500 | ||
|---|---|---|---|
| 001 | 3088 | ||
| 003 | BD-RjUL | ||
| 005 | 20211208233655.0 | ||
| 008 | 131218s1974 bg a b 001 0 ben d | ||
| 035 | _a(BD-RjUL)3122 | ||
| 040 |
_aBD-RjUL _beng _cBD-RjUL |
||
| 041 | _aeng | ||
| 082 |
_a398.095492 _bAHB 1974 |
||
| 100 |
_aআহমদ, ওয়াকিল _9117617 |
||
| 245 |
_aবাংলার লোক-সংস্কৃতি / _cওয়াকিল আহমদ |
||
| 260 |
_aঢাকা-২ : _bবাংলা একাডেমী, _c১৯৭৪. |
||
| 300 |
_a৫১৫, পৃ., ২০ পৃ. চিত্রাবলী _bচিত্র ; _c২১ সেমি. |
||
| 504 | _aগ্রন্থপঞ্জী ও নির্ঘন্ট সংযুক্ত । | ||
| 650 |
_aলোক সংস্কৃতি _zবাংলাদেশ _9117618 |
||
| 650 |
_aFolklore _zBangladesh _9117619 |
||
| 942 |
_2ddc _cBK _04 |
||
| 999 |
_c3088 _d3088 |
||